000 00981cam a2200289 i 4500
999 _c46733
_d46733
001 20382
003 CO-MdFUSB
005 20171120082243.0
008 160923t1983 xxu||||| |||| 00| 0 eng d
020 _a0-8066-2024-2
040 _aCO-MdFUSB
_bEspañol
_cCO-MdFUSB
_dCO-MdFUSB
_erda
041 _aeng
082 _224
_aG 226.06
_bSM642e
100 1 _aSmith, Robert H.
_eautor
245 1 0 _aEaster gospels
_b:The resurrection of Jesus according to the four evangelists
_c/Robert H. Smith
264 4 _aMinneapolis, Minnesota :
_bAugsburg Publishing House,
_c©1983
300 _a254 páginas
336 _2rdacontent
_atexto
_btxt
337 _2rdamedia
_asin mediación
_bn
338 _2rdacarrier
_avolumen
_bnc
500 _aLa resurrección de Jesús según los cuatro evangelistas
600 0 7 _aJesucristo
_xResurrección
630 0 7 _aBiblia.
_pNuevo Testamento
630 7 _aBiblia.
_pEvangelios
_xCrítica, interpretación, etc.
942 _cBK